书目信息 |
| 题名: |
生物学中的放射性核技术
|
|
| 作者: | 任时仁 | |
| 分册: | ||
| 出版信息: | 北京 北京大学出版社 1997 |
|
| 页数: | 218 | |
| 开本: | 26cm | |
| 丛书名: | ||
| 单 册: | ||
| 中图分类: | Q-334 | |
| 科图分类: | ||
| 主题词: | 生物学--实验 , 生物技术 | |
| 电子资源: | ||
| ISBN: | 7-301-03031-2 | |
| 000 | 00553nam0 2200193 450 | |
| 001 | 0741144344 | |
| 005 | 20070817112544.34 | |
| 010 | @a7-301-03031-2@d¥17.00 | |
| 100 | @a20070817d km y0chiy0120 ea | |
| 101 | 0 | @achi |
| 200 | 1 | @a生物学中的放射性核技术@Asheng wu xue zhong de fang she xing he ji shu@f任时仁@Fren shi ren |
| 210 | @a北京@c北京大学出版社@d1997 | |
| 215 | @a218@d26cm | |
| 606 | 0 | @a生物学@x实验 |
| 606 | 0 | @a生物技术 |
| 690 | @aQ-334@v3 | |
| 701 | 0 | @a任时仁@Aren shi ren |
| 801 | 0 | @aCN@bPFT@c20070817 |
| 905 | @a213230@dQ-334@en1@f1 | |
| 生物学中的放射性核技术/任时仁.-北京:北京大学出版社,1997 |
| 218;26cm |
| ISBN 7-301-03031-2:¥17.00 |
| ● |
| 相关链接 |
|
|
|
|
正题名:生物学中的放射性核技术
索取号:Q-334/n1
 
预约/预借
| 序号 | 登录号 | 条形码 | 馆藏地/架位号 | 状态 | 备注 |
| 1 | 6600034 | 266000347 | 密集书库-生命科学系/ [索取号:Q-334/n1] | 在馆 |